000 01054nam a2200289 c 4500
003 BLK
005 20231102005221.0
008 180410b bul|||||r ||||||| ||bul||
010 _aKNG00172850000
040 _aBLK
041 _aBUL
_cBUL
080 _aБългарска литература
_b821.163.2
_x-32
_z821.163.2-32
100 1 _aДанаилов, Георги
_eпърви автор
_9366106
139 _aДанаилов, Георги
_bД 17
245 1 0 _aПри никого
_bПовест за юноши
_cГеорги Данаилов; ил. Тодор Кръстев.
257 _aBGR
260 София
_bНар. младеж
_c1973
300 _a187 с.
_bс ил.
_c20 см
380 _aDX
700 _aКръстев, Тодор
_gСтоянов, Тодор Кръстев
_eил.
_9249110
852 _aЦб 68590
856 4 _qpdf
_u
856 4 _qpdf
_u
942 _cKNG
_n0
_03
944 _aCR
_c11.03.2015
_k
_lCRON CRON
944 _aED
_c11.03.2015
_kХристина_Везирева
999 _c165253
_d165253